| 000 | 00702nam a2200205 i 4500 | ||
|---|---|---|---|
| 001 | 42214 | ||
| 003 | ES-MaACL | ||
| 005 | 20230909215539.0 | ||
| 007 | t| | ||
| 008 | 030313s1900 sp ||||1| spa d | ||
| 100 | 1 |
_aCastillejo, José Luis. _936662 |
|
| 245 | 1 | 3 |
_aEl año en las Salesas 1889 / _cLicenciado Vidriera (José Luis Castillejo) ; carta de Julio Burell ; prólogo de Alvaro Landeira. |
| 260 |
_aMadrid : _b[s.n.], _c1900 ( _fSuc. de Rivadeneyra) |
||
| 300 |
_aXX, 368 p. ; _c24 cm. |
||
| 650 | 4 |
_aTribunales- _zEspaña- _vAnécdotas. _9147706 |
|
| 700 | 1 |
_aBurell, Julio, _d1859-1919 _932605 |
|
| 700 | 1 |
_aLandeira, Alvaro. _969938 |
|
| 852 |
_aES-MaACL _jF-7996 |
||
| 999 |
_c42214 _d42214 |
||